| 000 | 01187nam a2200325 i 4500 | ||
|---|---|---|---|
| 003 | EG-GICUC | ||
| 005 | 20260121101526.0 | ||
| 008 | 251220s1922 fr ||||fr|||| 000 0 fre d | ||
| 040 |
_aEG-GiCUC _bfre _cEG-GiCUC _dEG-GiCUC _eRda |
||
| 041 | _afre | ||
| 082 | 0 | 4 |
_221 _a341.48 _bFO . P |
| 092 | 0 | 4 | _221 |
| 099 | _aLaw1 11 341.48 FO . P 1922 | ||
| 100 | 1 |
_aFouques-Duparc, Jacques _d1897-1966, _eAuteur |
|
| 245 | 1 | 4 |
_aLa Protection Des Minorités De Race, De Langue Et De Religion : _bTude De Droit Des Gens / _cJacques Fouques Duparc ; préface de M. A. de Lapradelle. |
| 264 | 1 |
_aParis : _bDalloz, _c1922. |
|
| 300 |
_a369 pages ; _c24 cm . |
||
| 336 |
_2rda contenu _a texte |
||
| 337 |
_2rda medias _aOrdinateur |
||
| 338 |
_2 transporteur rda _a Ressource en ligne |
||
| 504 | _aInclude Bibliography: pages 357-364 And Bibliographic references | ||
| 546 | _aTexte en français | ||
| 650 | 1 | 4 |
_aDroits de l’homme _xDroit international _2qrmak |
| 650 | 1 | 4 | _aminorités |
| 651 | 1 | _2qrmak | |
| 700 | 1 |
_aLapradelle, Maurice Auguste _d1875-1939 _ePréfacier |
|
| 856 | 4 | 0 | _uhttps://fll.law.cu.edu.eg/fulltext/bks/B11-06020.pdf |
| 905 |
_a75 _eYara |
||
| 942 |
_2ddc _n0 _cBK _e21 |
||
| 999 |
_c51802 _d51802 |
||